| 000 | 00413 a2200169 4500 | ||
|---|---|---|---|
| 999 |
_c3784 _d3784 |
||
| 003 | Nust | ||
| 005 | 20170105101225.0 | ||
| 008 | 161206b xxu||||| |||| 00| 0 eng d | ||
| 040 |
_aS3H _c0 |
||
| 082 | _a338.7 | ||
| 100 | _aRichards,M. | ||
| 245 |
_aBusiness Organisation _cM Richards |
||
| 260 |
_aNew Delhi _bBPB Publications _c1992 |
||
| 300 | _a241p | ||
| 500 | _aPaper cover | ||
| 942 |
_cBK _k338.7 RIC _2ddc |
||